000 00412nam a2200157 a 4500
001 43446
005 20180714021955.0
008 140415s1957 000 0 spa d
041 _aspa
082 _a986.105
_bPAR
100 1 _aPARRA-PEREZ, C.
245 1 3 _aLA MONARQUIA EN LA GRAN COLOMBIA
260 _a[s.l.] :
_bCULTURA HISPANICA,
_c1957
300 _a688
650 1 4 _aHISTORIA
_xCOLOMBIA
999 _c43446
_d43446